Doskonalenie jakości usług przewodnickich w dobie pandemii
Gespeichert in:
| Weitere Verfasser: | |
|---|---|
| Format: | Buch |
| Sprache: | Polnisch Englisch |
| Veröffentlicht: |
Wroclaw
Wydawnictwo Uniwersytetu Ekonomicznego we Wroclawiu
2023
|
| Ausgabe: | 1. edycja |
| Schlagworte: | |
| Tags: |
Keine Tags, Fügen Sie das erste Tag hinzu!
|
MARC
| LEADER | 00000nam a2200000 4500 | ||
|---|---|---|---|
| 001 | 0298699 | ||
| 005 | 20240123113757.9 | ||
| 020 | |a 978-83-67400-60-2 | ||
| 041 | 0 | |a pol | |
| 041 | 0 | |a eng | |
| 044 | |a PL | ||
| 245 | 1 | 0 | |a Doskonalenie jakości usług przewodnickich w dobie pandemii |c recenzja naukowa: Beata Meyer |
| 250 | |a 1. edycja | ||
| 264 | 1 | |a Wroclaw |b Wydawnictwo Uniwersytetu Ekonomicznego we Wroclawiu |c 2023 | |
| 300 | |a [436 s.] | ||
| 610 | 2 | 0 | |a sprievodcovia |
| 610 | 2 | 0 | |a ruch cestovný |
| 610 | 2 | 0 | |a kvalita služieb |
| 610 | 2 | 0 | |a pandémia |
| 700 | 1 | |a Meyer, Beata | |